ბათუმის შოთა რუსთაველის სახელმწიფო უნივერსიტეტის ბიბლიოთეკა

პრაქტიკული ენდოდონტია. იარაღები, მასალები და მეთოდები: (ბიბ.ჩანაწერი № 34723)

000 -ლიდერი
ფიქსირებული სიგრძის საკონტროლო ველი 01854nam a2200301Ia 4500
001 - საკონტროლო ნომერი
საკონტროლო ველი 510
003 - საკონტროლო ნომრის იდენტიფიკატორი
საკონტროლო ველი GE_BSU
005 - ბოლო ოპერაციის თარიღი და დრო
საკონტროლო ველი 20200128113715.0
008 - ფიქსირებული სიგრძის მონაცემთა ელემენტები - ზოგადი ინფორმაცია
ფიქსირებული სიგრძის საკონტროლო ველი 181216s2007||||ge |||||||||||||| ||geo||
020 ## - წიგნის საერთაშორისო სტანდარტული ნომერი
International Standard Book Number 9789994090778
040 ## - კატალოგიზაციის წყარო
Transcribing agency GE_BSU
041 ## - ენის კოდი
Language code of text/sound track or separate title geo
080 ## - უნივერსალური ათობითი კლასიფიკაციის ინდექსი
Universal Decimal Classification number 615.47(035)+616.314.18+616.314-08(035) ხ-71
100 ## - მთავარი ჩანაწერი - პიროვნების სახელი
Personal name ხომენკო, ლ.ა.
9 (RLIN) 6423
245 ## - ცნობა სათაურის შესახებ
Title პრაქტიკული ენდოდონტია. იარაღები, მასალები და მეთოდები:
Remainder of title (ცნობარი) /
Statement of responsibility, etc ლ.ა. ხომენკო, ნ.ვ. ბიდენკო ; თარგმანის რედ.: ნატა დგებუაძე ; [მთარგმნ.: თენგიზ ბინიაშვილი, ნანა მოროზი, თამარ საბაშვილი].
264 ## - წარმოების, გამოცემის, დისტრიბუციის და სხვა ცნობები
გამოცემის, წარმოების, დისტრიბუციის... ადგილი თბილისი :
გამოცემის, წარმოების, დისტრიბუციის... სახელწოდება მთაწმინდელი,
გამოცემის, წარმოების, დისტრიბუციის... თარიღი 2007.
300 ## - ფიზიკური აღწერა
Extent 80 გვ. ;
Other physical details 13 სმ.
490 ## - სერიის ცნობა
Series statement საცნობარო სახელმძღვანელო ექიმებისა და სტუდენტთათვის
653 ## - INDEX TERM--UNCONTROLLED
Uncontrolled term მედიცინა
653 ## - INDEX TERM--UNCONTROLLED
Uncontrolled term კბილის სამკურნალო ინსტრუმენტები
653 ## - INDEX TERM--UNCONTROLLED
Uncontrolled term კბილის პულპის სნეულებანი
700 ## - ADDED ENTRY--PERSONAL NAME
Personal name ბიდენკო, ნ.ვ.
Relator term ავტორი
9 (RLIN) 6424
700 ## - ADDED ENTRY--PERSONAL NAME
Personal name დგებუაძე, ნატა
Relator term რედაქტორი
9 (RLIN) 6425
700 ## - ADDED ENTRY--PERSONAL NAME
Personal name ბინიაშვილი, თენგიზ
Relator term მთარგმნელი
9 (RLIN) 6426
700 ## - ADDED ENTRY--PERSONAL NAME
Personal name მოროზი, ნანა
Relator term მთარგმნელი
9 (RLIN) 5371
700 ## - ADDED ENTRY--PERSONAL NAME
Personal name საბაშვილი, თამარ
Relator term მთარგმნელი
9 (RLIN) 5372
942 ## - ADDED ENTRY ELEMENTS (KOHA)
Koha item type წიგნი
Source of classification or shelving scheme
ეგზემპლარები
ჩამოწერის სტატუსი დაკარგული ეგზემპლარის სტატუსი კლასიფიკაციის წყარო ან თაროზე გაწყობის სქემა დაზიანების სტატუსი არ გაიცემა მუდმივი მდებარეობა (დაცვის ადგილი) ამჟამინდელი ადგილსამყოფელი თაროზე განთავსების ადგილი შეძენის თარიღი ღირებულება, შესყიდვის ნორმალური ფასი სრული შენახვის შიფრი შტრიხკოდი ბოლო ოპერაციის თარიღი ეგზემპლარის მიმდევრობითი ნომერი (კეტერი?) ფასის ძალაში შესვლის თარიღი ეგზემპლარის სახეობა საჯარო შენიშვნა
          ბათუმის შოთა რუსთაველის სახელმწიფო უნივერსიტეტის მთავარი ბიბლიოთეკა ბათუმის შოთა რუსთაველის სახელმწიფო უნივერსიტეტის მთავარი ბიბლიოთეკა წიგნსაცავი 2018-12-17 15.00 615.47(035)+616.314.18+616.314-08(035) ხ-71 330 2018-12-17 330 2018-12-17 წიგნი 15 ლ.
          ბათუმის შოთა რუსთაველის სახელმწიფო უნივერსიტეტის მთავარი ბიბლიოთეკა ბათუმის შოთა რუსთაველის სახელმწიფო უნივერსიტეტის მთავარი ბიბლიოთეკა წიგნსაცავი 2018-12-17 15.00 615.47(035)+616.314.18+616.314-08(035) ხ-71 329 2018-12-17 329 2018-12-17 წიგნი 15 ლ.
          ბათუმის შოთა რუსთაველის სახელმწიფო უნივერსიტეტის მთავარი ბიბლიოთეკა ბათუმის შოთა რუსთაველის სახელმწიფო უნივერსიტეტის მთავარი ბიბლიოთეკა წიგნსაცავი 2018-12-17 15.00 615.47(035)+616.314.18+616.314-08(035) ხ-71 328 2018-12-17 328 2018-12-17 წიგნი 15 ლ.
          ბათუმის შოთა რუსთაველის სახელმწიფო უნივერსიტეტის მთავარი ბიბლიოთეკა ბათუმის შოთა რუსთაველის სახელმწიფო უნივერსიტეტის მთავარი ბიბლიოთეკა წიგნსაცავი 2018-12-17 15.00 615.47(035)+616.314.18+616.314-08(035) ხ-71 327 2018-12-17 327 2018-12-17 წიგნი 15 ლ.
          ბათუმის შოთა რუსთაველის სახელმწიფო უნივერსიტეტის მთავარი ბიბლიოთეკა ბათუმის შოთა რუსთაველის სახელმწიფო უნივერსიტეტის მთავარი ბიბლიოთეკა წიგნსაცავი 2018-12-17 15.00 615.47(035)+616.314.18+616.314-08(035) ხ-71 326 2018-12-17 326 2018-12-17 წიგნი 15 ლ.
          ბათუმის შოთა რუსთაველის სახელმწიფო უნივერსიტეტის მთავარი ბიბლიოთეკა ბათუმის შოთა რუსთაველის სახელმწიფო უნივერსიტეტის მთავარი ბიბლიოთეკა წიგნსაცავი 2018-12-17 15.00 615.47(035)+616.314.18+616.314-08(035) ხ-71 325 2018-12-17 325 2018-12-17 წიგნი 15 ლ.
          ბათუმის შოთა რუსთაველის სახელმწიფო უნივერსიტეტის მთავარი ბიბლიოთეკა ბათუმის შოთა რუსთაველის სახელმწიფო უნივერსიტეტის მთავარი ბიბლიოთეკა წიგნსაცავი 2018-12-17 15.00 615.47(035)+616.314.18+616.314-08(035) ხ-71 324 2018-12-17 324 2018-12-17 წიგნი 15 ლ.
          ბათუმის შოთა რუსთაველის სახელმწიფო უნივერსიტეტის მთავარი ბიბლიოთეკა ბათუმის შოთა რუსთაველის სახელმწიფო უნივერსიტეტის მთავარი ბიბლიოთეკა წიგნსაცავი 2018-12-17 15.00 615.47(035)+616.314.18+616.314-08(035) ხ-71 323 2018-12-17 323 2018-12-17 წიგნი 15 ლ.
          ბათუმის შოთა რუსთაველის სახელმწიფო უნივერსიტეტის მთავარი ბიბლიოთეკა ბათუმის შოთა რუსთაველის სახელმწიფო უნივერსიტეტის მთავარი ბიბლიოთეკა წიგნსაცავი 2018-12-17 15.00 615.47(035)+616.314.18+616.314-08(035) ხ-71 322 2018-12-17 322 2018-12-17 წიგნი 15 ლ.
          ბათუმის შოთა რუსთაველის სახელმწიფო უნივერსიტეტის მთავარი ბიბლიოთეკა ბათუმის შოთა რუსთაველის სახელმწიფო უნივერსიტეტის მთავარი ბიბლიოთეკა წიგნსაცავი 2018-12-17 15.00 615.47(035)+616.314.18+616.314-08(035) ხ-71 331 2018-12-17 331 2018-12-17 წიგნი 15 ლ.